| 000 | 00946nam a22002057a 4500 | ||
|---|---|---|---|
| 999 |
_c194182 _d194182 |
||
| 005 | 20230130105329.0 | ||
| 010 | _aB-747255-266 E.N.A./7.11.22 | ||
| 020 |
_a9789352533190 _c365.00 |
||
| 035 | _aB-747255-266 | ||
| 037 | _bAKPD | ||
| 082 | _a000 | ||
| 100 | _aKhurana, KJS | ||
| 245 | 0 | 0 |
_aNumerical ability 18 days wonder : _cby KJS Khurana [and] R Markanday _ba day-to-day result oriented fully solved course for sure succes in competitive exams / / |
| 260 |
_aNew Delhi _bS. Chand and Company _c2022 |
||
| 270 |
_aBlock B-1, House No.D-1, Ground Floor, Mohan Co-operative Industrial Estate, _bNew Delhi _e110044 |
||
| 300 |
_a422p. _c24cm(pbk) _bill. |
||
| 700 | _aMarkanday, Rajeev | ||
| 942 |
_2ddc _cEN _mKHU _h000 |
||